| 000 | 00551ntaaa2200193 4500 | ||
|---|---|---|---|
| 003 | 01 | ||
| 005 | 20251027201109.0 | ||
| 008 | 0714s1973 ag 01 | ||
| 040 |
_aAR-BaBN _bspa _cAR-BaBN _eaacr _dRIC |
||
| 082 | _a201 Yo8 | ||
| 100 | _aYoung, Warren C. | ||
| 245 |
_aChristian approach to philosophy / _cWarren C. Young |
||
| 250 | _a1 ed. | ||
| 260 |
_as.l. : _bVan Kampen Press, _cc1954 |
||
| 300 | _a252 p. | ||
| 500 | _a"a contribution to an understanding and interpretation of human experience" | ||
| 650 | _aFilosofĂa Religiosa | ||
| 942 | _cBK | ||
| 999 |
_c5141 _d5141 |
||